000 00577nam a2200193Ia 4500
005 20250508164906.0
008 008 250505s9999 xx 000 0 hin d
037 _aDissertations
040 _aFEDL
_beng
_cFEDL
041 _ahin
_2eng
084 _a372, SAR/DI
_qFEDL
100 _aSarita
245 0 _aHariyana mein jila prathamik shiksha karyakram ke antargat pathyepustak nirman parikriya ka addhyan
260 _c2002
300 _a75p.
546 _aM.Ed. Dissertation (Delhi University)
942 _cDIS
_h372, SAR/DI
999 _c1391838
_d1391838